[Event "SVK-chT1E 2223"]
[Site "Slovakia"]
[Date "2023.01.14"]
[Round "7.7"]
[White "Ondras, Juraj"]
[Black "Pekar, Karol"]
[Result "1-0"]
[WhiteElo "1935"]
[BlackElo "2086"]
[PlyCount "81"]
[EventDate "2022.10.15"]
[EventType "team-tourn"]
[EventRounds "11"]
[EventCountry "SVK"]
[SourceTitle "EXT 2024"]
[Source "ChessBase"]
[SourceDate "2023.10.10"]
[SourceVersion "1"]
[SourceVersionDate "2023.10.10"]
[SourceQuality "1"]
[WhiteTeam "Zvolen Slavia"]
[BlackTeam "Liptov Chess School II"]
[WhiteTeamCountry "SVK"]
[BlackTeamCountry "SVK"]

1. Nf3 Nf6 2. c4 g6 3. Nc3 Bg7 4. e4 d6 5. d4 0-0 6. Be2 e5 7. d5 a5 8. Bg5 h6 9. Bh4 Na6 10. Nd2 Qe8 11. 0-0 Bd7 12. b3 Nc5 13. a3 Nh7 14. b4 axb4 15. axb4 Rxa1 16. Qxa1 Na6 17. Qa5 g5 18. Bg3 Bc8 19. c5 Qe7 20. c6 b6 21. Qa3 Nb8 22. Qa7 f5 23. f3 g4 24. fxg4 Qg5 25. Nc4 Na6 26. exf5 Qe7 27. Nxb6 Nxb4 28. Nxc8 Qg5 29. h4 Qd8 30. Qa4 Qxc8 31. Qxb4 Qa8 32. Rb1 Bf6 33. Ne4 Bd8 34. Kh2 Qa7 35. Qd2 Kg7 36. Rf1 Qa4 37. Bd3 Qd4 38. Bb1 Qc4 39. Rf3 Qb5 40. Qd3 Nf6 41. Qxb5 1-0

[Event "SVK-chT1E 2122"]
[Site "Slovakia"]
[Date "2022.04.23"]
[Round "8.7"]
[White "Ondras, Juraj"]
[Black "Medvec, Miroslav1111"]
[Result "1-0"]
[WhiteElo "1934"]
[BlackElo "2012"]
[PlyCount "75"]
[EventDate "2022.01.29"]
[EventType "team-tourn"]
[EventRounds "11"]
[EventCountry "SVK"]
[SourceTitle "EXT 2023"]
[Source "ChessBase"]
[SourceDate "2022.10.05"]
[SourceVersion "1"]
[SourceVersionDate "2022.10.05"]
[SourceQuality "1"]
[WhiteTeam "Zvolen Slavia"]
[BlackTeam "Liptov Chess School II"]
[WhiteTeamCountry "SVK"]
[BlackTeamCountry "SVK"]

1. d4 d5 2. Nf3 Nf6 3. c4 c6 4. Qb3 dxc4 5. Qxc4 Be6 6. Qc2 g6 7. Nc3 Bg7 8. e4 Bg4 9. Be3 0-0 10. Be2 Na6 11. 0-0 Qa5 12. a3 Rfc8 13. b4 Qd8 14. Rfd1 Nc7 15. Rac1 a5 16. h3 Bd7 17. Na4 Nb5 18. Bxb5 cxb5 19. Nc3 axb4 20. axb4 Rc4 21. Qb3 Qc7 22. Ne5 Be6 23. Nxc4 bxc4 24. Qc2 b5 25. Ra1 Rb8 26. d5 Nxe4 27. Bd4 Bxd4 28. Rxd4 Nxc3 29. dxe6 Na4 30. Qe2 Qb6 31. exf7+ Kxf7 32. Qe5 Rb7 33. Re1 Kg8 34. Qd5+ Kh8 35. Rf4 Qd6 36. Rf8+ Kg7 37. Rf7+ Kg8 38. Qxd6 1-0

[Event "SVK-chT1E 2122"]
[Site "Slovakia"]
[Date "2022.02.27"]
[Round "5.7"]
[White "Ondras, Juraj"]
[Black "Angelovic, Adrian"]
[Result "1/2-1/2"]
[WhiteElo "1934"]
[BlackElo "1966"]
[PlyCount "41"]
[EventDate "2022.01.29"]
[EventType "team-tourn"]
[EventRounds "11"]
[EventCountry "SVK"]
[SourceTitle "EXT 2023"]
[Source "ChessBase"]
[SourceDate "2022.10.05"]
[SourceVersion "1"]
[SourceVersionDate "2022.10.05"]
[SourceQuality "1"]
[WhiteTeam "Zvolen Slavia"]
[BlackTeam "Bardejov"]
[WhiteTeamCountry "SVK"]
[BlackTeamCountry "SVK"]

1. d4 Nf6 2. c4 g6 3. Nc3 d5 4. Bg5 Ne4 5. cxd5 Nxc3 6. bxc3 Qxd5 7. Nf3 Bg4 8. Bh4 Nd7 9. e3 Qa5 10. Qb3 Bg7 11. Bc4 e6 12. Qb4 Qxb4 13. cxb4 e5 14. Nxe5 Nxe5 15. dxe5 Bxe5 16. Rc1 Be6 17. Bxe6 fxe6 18. Ke2 Rf8 19. Bg3 Bd6 20. Rhd1 Rd8 21. b5 1/2-1/2

[Event "SVK-chT1E 2122"]
[Site "Slovakia"]
[Date "2022.01.30"]
[Round "2.6"]
[White "Adamko, Peter"]
[Black "Ondras, Juraj"]
[Result "1/2-1/2"]
[WhiteElo "2068"]
[BlackElo "1934"]
[PlyCount "39"]
[EventDate "2022.01.29"]
[EventType "team-tourn"]
[EventRounds "11"]
[EventCountry "SVK"]
[SourceTitle "EXT 2023"]
[Source "ChessBase"]
[SourceDate "2022.10.05"]
[SourceVersion "1"]
[SourceVersionDate "2022.10.05"]
[SourceQuality "1"]
[WhiteTeam "Cadca"]
[BlackTeam "Zvolen Slavia"]
[WhiteTeamCountry "SVK"]
[BlackTeamCountry "SVK"]

1. f4 d5 2. e3 g6 3. Nf3 Bg7 4. d4 Nh6 5. c4 c6 6. Nc3 0-0 7. Bd2 b6 8. cxd5 cxd5 9. b4 Bg4 10. b5 a5 11. bxa6 Nxa6 12. Bxa6 Rxa6 13. 0-0 Qa8 14. Qb3 Bxf3 15. Rxf3 e6 16. Nb5 Rc8 17. Rff1 Bf8 18. Rfc1 Rxc1+ 19. Bxc1 Ra4 20. Bd2 1/2-1/2

[Event "Liptovsky Jan Slovak op U2200"]
[Site "Liptovsky Jan"]
[Date "2021.06.20"]
[Round "6"]
[White "Romanova, Ela"]
[Black "Ondras, Juraj"]
[Result "1/2-1/2"]
[WhiteElo "1549"]
[BlackElo "1961"]
[PlyCount "22"]
[EventDate "2021.06.17"]
[EventType "swiss"]
[EventRounds "7"]
[EventCountry "SVK"]
[SourceTitle "CBM 203 Extra"]
[Source "ChessBase"]
[SourceDate "2021.09.30"]
[SourceVersion "1"]
[SourceVersionDate "2021.09.30"]
[SourceQuality "1"]

1. e4 e6 2. d4 d5 3. Nc3 Bb4 4. e5 Ne7 5. f4 b6 6. Nf3 0-0 7. Be2 Ba6 8. a3 Bxc3+ 9. bxc3 Bxe2 10. Qxe2 Nbc6 11. 0-0 Nf5 1/2-1/2

[Event "Liptovsky Jan Slovak op U2200"]
[Site "Liptovsky Jan"]
[Date "2021.06.17"]
[Round "1"]
[White "Ondras, Juraj"]
[Black "Sosovickova, Martina"]
[Result "1-0"]
[WhiteElo "1961"]
[BlackElo "1512"]
[PlyCount "93"]
[EventDate "2021.06.17"]
[EventType "swiss"]
[EventRounds "7"]
[EventCountry "SVK"]
[SourceTitle "CBM 203 Extra"]
[Source "ChessBase"]
[SourceDate "2021.09.30"]
[SourceVersion "1"]
[SourceVersionDate "2021.09.30"]
[SourceQuality "1"]

1. d4 d5 2. c4 e6 3. Nc3 Nf6 4. cxd5 Nxd5 5. Nf3 Bb4 6. Bd2 Nc6 7. g3 0-0 8. Bg2 Re8 9. 0-0 h6 10. Rc1 Nf6 11. Qb3 Ba5 12. Qc4 e5 13. dxe5 Nxe5 14. Nxe5 Rxe5 15. Rfd1 Qe7 16. Be3 c6 17. Bf3 Bc7 18. b4 Be6 19. Qh4 Bf5 20. Bd4 Re6 21. Bc5 Bd6 22. Bxd6 Rxd6 23. Qf4 Rxd1+ 24. Rxd1 Be6 25. Qd4 Re8 26. e4 Bg4 27. Bxg4 Nxg4 28. a3 a6 29. Qd6 Ne5 30. Qxe7 Rxe7 31. a4 Nc4 32. a5 f6 33. Rd4 Ne5 34. Kg2 Kf7 35. Na4 Nd7 36. f4 g5 37. Kf3 Ke8 38. Kg4 Kf7 39. Kf5 Kg7 40. Rd6 Rf7 41. h4 gxf4 42. gxf4 Re7 43. h5 Rf7 44. Nc5 Nf8 45. Ne6+ Nxe6 46. Kxe6 f5 47. e5 1-0

[Event "SVK-ch rapid"]
[Site "Topolcany"]
[Date "2020.07.11"]
[Round "9"]
[White "Ondras, Juraj"]
[Black "Ladnak, Marek"]
[Result "0-1"]
[WhiteElo "1971"]
[BlackElo "1586"]
[PlyCount "48"]
[EventDate "2020.07.11"]
[EventType "swiss (rapid)"]
[EventRounds "9"]
[EventCountry "SVK"]
[SourceTitle "CBM 197 Extra"]
[Source "ChessBase"]
[SourceDate "2020.09.30"]
[SourceVersion "1"]
[SourceVersionDate "2020.09.30"]
[SourceQuality "1"]

1. c4 c5 2. Nf3 Nf6 3. d4 cxd4 4. Nxd4 Nc6 5. g3 g6 6. Nc3 Bg7 7. Bg2 0-0 8. 0-0 a6 9. Nb3 d6 10. e4 Ne5 11. Qe2 Qc7 12. Nd5 Nxd5 13. cxd5 Bd7 14. Be3 Bb5 15. Qd2 Bxf1 16. Rxf1 Rac8 17. Rc1 Qd7 18. Bh6 Nc4 19. Qf4 Bxh6 20. Qxh6 Nxb2 21. Rxc8 Qxc8 22. Bh3 Qc2 23. Qe3 Nd1 24. Qd4 Nc3 0-1

[Event "SVK-chT2C 1920"]
[Site "Slovakia"]
[Date "2019.10.26"]
[Round "1.5"]
[White "Ondras, Juraj"]
[Black "Hyll, Jan"]
[Result "0-1"]
[WhiteElo "1971"]
[BlackElo "1989"]
[PlyCount "52"]
[EventDate "2019.10.26"]
[EventType "team-tourn"]
[EventRounds "11"]
[EventCountry "SVK"]
[SourceTitle "CBM 193 Extra"]
[Source "ChessBase"]
[SourceDate "2020.01.31"]
[SourceVersion "1"]
[SourceVersionDate "2020.01.31"]
[SourceQuality "1"]
[WhiteTeam "Banska Bystrica Veza"]
[BlackTeam "Bziny"]
[WhiteTeamCountry "SVK"]
[BlackTeamCountry "SVK"]

1. c4 c6 2. Nf3 Nf6 3. b3 d5 4. Bb2 Bf5 5. g3 e6 6. Bg2 Be7 7. 0-0 0-0 8. d3 h6 9. Nbd2 Nbd7 10. Re1 Qb6 11. e4 dxe4 12. dxe4 Bg6 13. Qe2 Rfd8 14. Red1 Bc5 15. Nh4 Bh5 16. Bf3 Bxf3 17. Ndxf3 Qc7 18. h3 Qxg3+ 19. Ng2 Qxh3 20. Bd4 Qg4 21. e5 Qe4 22. Kf1 Qxe2+ 23. Kxe2 Ne4 24. Rd3 Bxd4 25. Rxd4 Ndc5 26. Rad1 Nc3+ 0-1

[Event "SVK-chT2C 1819"]
[Site "Slovakia"]
[Date "2019.04.06"]
[Round "10.5"]
[White "Singliar, Anton"]
[Black "Ondras, Juraj"]
[Result "1/2-1/2"]
[WhiteElo "2027"]
[BlackElo "2017"]
[PlyCount "77"]
[EventDate "2018.10.13"]
[EventType "team-tourn"]
[EventRounds "11"]
[EventCountry "SVK"]
[SourceTitle "EXT 2020"]
[Source "ChessBase"]
[SourceDate "2019.10.17"]
[SourceVersion "1"]
[SourceVersionDate "2019.10.17"]
[SourceQuality "1"]
[WhiteTeam "Bziny"]
[BlackTeam "Banska Bystrica Veza"]
[WhiteTeamCountry "SVK"]
[BlackTeamCountry "SVK"]

1. e4 c5 2. Nf3 e6 3. d4 cxd4 4. Nxd4 a6 5. Bd3 Bc5 6. Nb3 Ba7 7. 0-0 Nc6 8. Qe2 Qc7 9. Be3 Nf6 10. Bxa7 Rxa7 11. Nc3 d6 12. Rae1 0-0 13. Qe3 Ra8 14. h3 b5 15. a3 Bb7 16. Nd4 Rae8 17. Nxc6 Qxc6 18. f3 e5 19. Re2 Qc5 20. Qxc5 dxc5 21. Rd2 Rd8 22. Rfd1 Rd4 23. Nb1 Rfd8 24. c3 R4d7 25. Be2 Kf8 26. Rxd7 Rxd7 27. Rxd7 Nxd7 28. Kf2 Ke7 29. Ke3 Kd6 30. b4 Nb6 31. Bd3 Bc8 32. Kd2 Be6 33. Kc2 g5 34. Nd2 h5 35. g4 h4 36. Kb2 Na4+ 37. Kc2 Nb6 38. Kb2 Na4+ 39. Kc2 1/2-1/2

[Event "SVK-chT2C 1718"]
[Site "Slovakia"]
[Date "2018.02.04"]
[Round "7.8"]
[White "Minich, Miroslav"]
[Black "Ondras, Juraj"]
[Result "0-1"]
[WhiteElo "1939"]
[BlackElo "2035"]
[PlyCount "80"]
[EventDate "2017.10.28"]
[EventType "team-tourn"]
[EventRounds "11"]
[EventCountry "SVK"]
[SourceTitle "EXT 2019"]
[Source "ChessBase"]
[SourceDate "2018.10.10"]
[SourceVersion "1"]
[SourceVersionDate "2018.10.10"]
[SourceQuality "1"]
[WhiteTeam "Zvolen Slavia"]
[BlackTeam "Banska Bystrica Veza"]
[WhiteTeamCountry "SVK"]
[BlackTeamCountry "SVK"]

1. c4 e5 2. Nc3 Nf6 3. Nf3 Nc6 4. g3 Bb4 5. Bg2 0-0 6. 0-0 d6 7. a3 Bxc3 8. bxc3 Be6 9. d3 h6 10. Qc2 Qd7 11. Rd1 Rfe8 12. Bb2 Rab8 13. Nd2 Na5 14. Rab1 a6 15. a4 Nh7 16. Ba3 Ng5 17. Bb4 Nc6 18. a5 Nh3+ 19. Kf1 Ng5 20. Kg1 Bg4 21. f3 Bh3 22. Bh1 f5 23. Nf1 f4 24. Kf2 Bxf1 25. Rxf1 Qh3 26. g4 Qxh2+ 27. Ke1 Ne6 28. Kd2 Qh4 29. Bg2 b5 30. axb6 Rxb6 31. Qa2 Kh7 32. Qc2 Reb8 33. Ba3 g6 34. Ra1 a5 35. Rh1 Qf2 36. Bh3 Ned4 37. cxd4 Nxd4 38. Qd1 Nxf3+ 39. Kc1 Qe3+ 40. Kc2 Nd4+ 0-1

[Event "Stara Lubovna op"]
[Site "Stara Lubovna"]
[Date "2017.05.07"]
[Round "6"]
[White "Ondras, Juraj"]
[Black "Gasa, Patrik"]
[Result "0-1"]
[WhiteElo "2061"]
[BlackElo "2132"]
[PlyCount "70"]
[EventDate "2017.05.05"]
[EventType "swiss"]
[EventRounds "7"]
[EventCountry "SVK"]
[SourceTitle "CBM 178 Extra"]
[Source "ChessBase"]
[SourceDate "2017.06.22"]
[SourceVersion "1"]
[SourceVersionDate "2017.06.22"]
[SourceQuality "1"]

1. e4 c5 2. Nf3 e6 3. d4 cxd4 4. Nxd4 a6 5. Bd3 Bc5 6. Nb3 Ba7 7. Qe2 Nc6 8. Be3 d6 9. 0-0 Nf6 10. Kh1 0-0 11. f4 e5 12. fxe5 Nxe5 13. Nc3 Be6 14. Bg5 Qe7 15. Bxf6 gxf6 16. Nd5 Bxd5 17. exd5 Kg7 18. Rae1 h5 19. Qe4 Rh8 20. Qh4 Rag8 21. Nd2 Qd8 22. Bf5 Kf8 23. Ne4 Kg7 24. Ng3 Kf8 25. Bh3 Rg6 26. Rf5 Qa5 27. b4 Qxd5 28. Rxf6 Ng4 29. Bxg4 Rxg4 30. Rf5 Rxh4 31. Rxd5 Bf2 32. Rf1 Bxg3 33. Rdf5 Rh7 34. Kg1 Bxh2+ 35. Kf2 Rf4+ 0-1

[Event "SVK-chT2C 1617"]
[Site "Slovakia"]
[Date "2017.02.12"]
[Round "9.2"]
[White "Ondras, Juraj"]
[Black "Milcova, Zuzana"]
[Result "1/2-1/2"]
[WhiteElo "2061"]
[BlackElo "2017"]
[PlyCount "81"]
[EventDate "2016.10.08"]
[EventType "team-tourn"]
[EventRounds "11"]
[EventCountry "SVK"]
[SourceTitle "EXT 2018"]
[Source "ChessBase"]
[SourceDate "2017.10.13"]
[SourceVersion "1"]
[SourceVersionDate "2017.10.13"]
[SourceQuality "1"]
[WhiteTeam "Banska Bystrica Veza"]
[BlackTeam "Martin Medea"]
[WhiteTeamCountry "SVK"]
[BlackTeamCountry "SVK"]

1. e4 d5 2. exd5 Qxd5 3. Nc3 Qd6 4. Nf3 Nf6 5. g3 c6 6. Bg2 Bg4 7. 0-0 e6 8. d4 Qc7 9. Re1 Be7 10. Bf4 Qd8 11. Qd2 Bxf3 12. Bxf3 0-0 13. Ne4 Nxe4 14. Bxe4 Nd7 15. c4 g6 16. Rad1 Bf6 17. Bd6 Re8 18. Qb4 Qb6 19. Qxb6 Nxb6 20. b3 Rad8 21. Be5 Bg7 22. Bf3 Bxe5 23. Rxe5 Rd7 24. d5 cxd5 25. c5 Nc8 26. Rdxd5 Red8 27. Rxd7 Rxd7 28. c6 bxc6 29. Bxc6 Rc7 30. Bf3 Kf8 31. Ra5 Ke7 32. h4 h5 33. Ra6 Nb6 34. Kg2 Nd5 35. Ra5 Kd6 36. a3 Ke5 37. b4 Kd4 38. Bxd5 exd5 39. Kf3 Kc4 40. Ke3 Re7+ 41. Kd2 1/2-1/2

[Event "SVK-chT2C 1516"]
[Site "Slovakia"]
[Date "2015.12.05"]
[Round "5.5"]
[White "Gregor, Eduard"]
[Black "Ondras, Juraj"]
[Result "0-1"]
[WhiteElo "2009"]
[BlackElo "2035"]
[PlyCount "78"]
[EventDate "2015.10.17"]
[EventType "team-tourn"]
[EventRounds "11"]
[EventCountry "SVK"]
[SourceTitle "CBM 169 Extra"]
[Source "ChessBase"]
[SourceDate "2015.12.18"]
[SourceVersion "1"]
[SourceVersionDate "2015.12.18"]
[SourceQuality "1"]
[WhiteTeam "Banska Bystrica Kurta"]
[BlackTeam "Banska Bystrica Veza"]
[WhiteTeamCountry "SVK"]
[BlackTeamCountry "SVK"]

1. d4 Nf6 2. c4 e6 3. Nc3 Bb4 4. e3 b6 5. Nf3 Bb7 6. Qb3 Qe7 7. a3 Bxc3+ 8. Qxc3 Ne4 9. Qc2 f5 10. Bd3 0-0 11. 0-0 d6 12. b4 Rf6 13. Nd2 Nxd2 14. Bxd2 Nd7 15. e4 Qf7 16. Rae1 Qh5 17. Re3 Rg6 18. Rg3 Rf8 19. Bc3 Nf6 20. d5 Rxg3 21. fxg3 Ng4 22. h3 Ne3 23. Qb2 Nxf1 24. Bxf1 fxe4 25. dxe6 Qg5 26. Be1 Qf6 27. Qe2 Qxe6 28. Qe3 d5 29. Bc3 c5 30. bxc5 bxc5 31. Qxc5 e3 32. Be2 Rf2 33. Bg4 Qf7 34. Qxe3 Rf1+ 35. Kh2 Kh8 36. Qxa7 h6 37. Qe3 dxc4 38. Qxh6+ Kg8 39. Be6 gxh6 0-1

[Event "SVK-chT2C 1516"]
[Site "Slovakia"]
[Date "2015.11.08"]
[Round "4.3"]
[White "Ondras, Juraj"]
[Black "Adamko, Peter"]
[Result "1-0"]
[WhiteElo "2035"]
[BlackElo "2099"]
[PlyCount "77"]
[EventDate "2015.10.17"]
[EventType "team-tourn"]
[EventRounds "11"]
[EventCountry "SVK"]
[SourceTitle "CBM 169 Extra"]
[Source "ChessBase"]
[SourceDate "2015.12.18"]
[SourceVersion "1"]
[SourceVersionDate "2015.12.18"]
[SourceQuality "1"]
[WhiteTeam "Banska Bystrica Veza"]
[BlackTeam "Cadca Caissa II"]
[WhiteTeamCountry "SVK"]
[BlackTeamCountry "SVK"]

1. e4 d6 2. d4 Nf6 3. Nc3 g6 4. Nf3 Bg7 5. h3 0-0 6. Be3 Nbd7 7. Qd2 c6 8. a4 e5 9. dxe5 dxe5 10. Be2 Qe7 11. Bg5 Qb4 12. 0-0 Nxe4 13. Nxe4 Qxe4 14. Rfe1 Qd5 15. Qb4 e4 16. Rad1 a5 17. Qe7 Qa2 18. Qxe4 Qxb2 19. Be7 Re8 20. Bc4 Ne5 21. Nxe5 Qxe5 22. Qxe5 Bxe5 23. Rxe5 Be6 24. Rxe6 fxe6 25. Bxe6+ Kg7 26. Rd7 Rxe7 27. Rxe7+ Kf6 28. Rxh7 Kxe6 29. Rxb7 Rd8 30. Rg7 Kf5 31. Rc7 Rd1+ 32. Kh2 Ra1 33. Rxc6 Rxa4 34. g4+ Kf4 35. Rxg6 Rc4 36. Rf6+ Ke4 37. Kg3 Rc3+ 38. f3+ Ke3 39. Ra6 1-0

[Event "SVK-chT2C 1516"]
[Site "Slovakia"]
[Date "2015.11.07"]
[Round "3.3"]
[White "Saga, Vladimir"]
[Black "Ondras, Juraj"]
[Result "1-0"]
[WhiteElo "2024"]
[BlackElo "2035"]
[PlyCount "89"]
[EventDate "2015.10.17"]
[EventType "team-tourn"]
[EventRounds "11"]
[EventCountry "SVK"]
[SourceTitle "CBM 169 Extra"]
[Source "ChessBase"]
[SourceDate "2015.12.18"]
[SourceVersion "1"]
[SourceVersionDate "2015.12.18"]
[SourceQuality "1"]
[WhiteTeam "Dunajov Inbest II"]
[BlackTeam "Banska Bystrica Veza"]
[WhiteTeamCountry "SVK"]
[BlackTeamCountry "SVK"]

1. d4 Nf6 2. c4 e6 3. e3 b6 4. a3 Bb7 5. Nc3 Be7 6. Nf3 Ne4 7. Nxe4 Bxe4 8. Bd3 f5 9. Bxe4 fxe4 10. Nd2 d5 11. Qh5+ Kf8 12. 0-0 Qe8 13. Qh3 Bf6 14. f3 exf3 15. Nxf3 Kg8 16. Bd2 Na6 17. Bc3 Rd8 18. cxd5 exd5 19. Rae1 h6 20. Qf5 Qe4 21. Qxe4 dxe4 22. Nd2 Re8 23. Rf4 Kh7 24. Nxe4 Bd8 25. d5 Rhf8 26. Rxf8 Rxf8 27. Rf1 Re8 28. Rf7 Re7 29. Rxe7 Bxe7 30. Kf2 g5 31. g4 Kg6 32. Kf3 Nb8 33. Be5 Na6 34. b4 h5 35. h3 hxg4+ 36. hxg4 b5 37. d6 cxd6 38. Nxd6 Nc7 39. Nf5 Bd8 40. Bxc7 Bxc7 41. Ke4 a5 42. Kd5 Kf6 43. Nd4 axb4 44. axb4 Bd8 45. Nxb5 1-0

[Event "SVK-chT2C 1415"]
[Site "Slovakia"]
[Date "2015.03.07"]
[Round "10.3"]
[White "Ondras, Juraj"]
[Black "Banduka, Zeljko"]
[Result "1-0"]
[WhiteElo "2023"]
[BlackElo "2098"]
[PlyCount "61"]
[EventDate "2014.10.11"]
[EventType "team-tourn"]
[EventRounds "11"]
[EventCountry "SVK"]
[SourceTitle "EXT 2016"]
[Source "ChessBase"]
[SourceDate "2015.10.08"]
[SourceVersion "1"]
[SourceVersionDate "2015.10.08"]
[SourceQuality "1"]
[WhiteTeam "Banska Bystrica Veza"]
[BlackTeam "Liptovska Stiavnica"]
[WhiteTeamCountry "SVK"]
[BlackTeamCountry "SVK"]

1. e4 c5 2. Nf3 d6 3. d4 cxd4 4. Nxd4 Nf6 5. Nc3 a6 6. Be2 e5 7. Nb3 b5 8. Bg5 h6 9. Bxf6 gxf6 10. 0-0 Be6 11. Nd5 Nd7 12. Bg4 h5 13. Bf5 Bxf5 14. exf5 Nb6 15. Na5 Nxd5 16. Qxd5 Ra7 17. b4 Qd7 18. c4 bxc4 19. Nxc4 Qxf5 20. Qxd6 Rd7 21. Qxa6 Bxb4 22. Qc8+ Ke7 23. Qxh8 Rd8 24. Qh6 Rg8 25. Qe3 Rg4 26. Qh3 Qg5 27. Ne3 Bd2 28. Nxg4 hxg4 29. Qh8 e4 30. Rab1 Qd5 31. Rb8 1-0

[Event "SVK-chT2C 1415"]
[Site "Slovakia"]
[Date "2015.02.15"]
[Round "9.3"]
[White "Ondras, Juraj"]
[Black "Ondras, Michal"]
[Result "1/2-1/2"]
[WhiteElo "2023"]
[BlackElo "1936"]
[PlyCount "52"]
[EventDate "2014.10.11"]
[EventType "team-tourn"]
[EventRounds "11"]
[EventCountry "SVK"]
[SourceTitle "EXT 2016"]
[Source "ChessBase"]
[SourceDate "2015.10.08"]
[SourceVersion "1"]
[SourceVersionDate "2015.10.08"]
[SourceQuality "1"]
[WhiteTeam "Banska Bystrica Veza"]
[BlackTeam "Cadca Caissa II"]
[WhiteTeamCountry "SVK"]
[BlackTeamCountry "SVK"]

1. e4 g6 2. d4 Bg7 3. c4 d6 4. Nc3 Nf6 5. Nf3 0-0 6. Be2 e5 7. d5 Nbd7 8. Bg5 h6 9. Bh4 a5 10. 0-0 g5 11. Bg3 Nh5 12. Ne1 Nf4 13. Bg4 Nc5 14. f3 f5 15. exf5 Bxf5 16. Bxf5 Rxf5 17. Ne4 b6 18. Bf2 Qe7 19. Qc2 Nxe4 20. fxe4 Rf7 21. g3 Nh3+ 22. Kg2 g4 23. Qe2 h5 24. Be3 Rxf1 25. Qxf1 Rf8 26. Qe2 Qf6 1/2-1/2

[Event "SVK-chT2C 1415"]
[Site "Slovakia"]
[Date "2015.02.01"]
[Round "7.3"]
[White "Ondras, Juraj"]
[Black "Sabo, Julius"]
[Result "0-1"]
[WhiteElo "2023"]
[BlackElo "1925"]
[PlyCount "94"]
[EventDate "2014.10.11"]
[EventType "team-tourn"]
[EventRounds "11"]
[EventCountry "SVK"]
[SourceTitle "EXT 2016"]
[Source "ChessBase"]
[SourceDate "2015.10.08"]
[SourceVersion "1"]
[SourceVersionDate "2015.10.08"]
[SourceQuality "1"]
[WhiteTeam "Banska Bystrica Veza"]
[BlackTeam "Podbrezova ZP Sport"]
[WhiteTeamCountry "SVK"]
[BlackTeamCountry "SVK"]

1. e4 c5 2. Nf3 Nc6 3. d4 cxd4 4. Nxd4 d6 5. c4 g6 6. Nc3 Bg7 7. Be3 Nf6 8. Be2 Bd7 9. 0-0 0-0 10. f3 a6 11. Qd2 Qc7 12. Rfc1 Rad8 13. Rab1 e6 14. b4 Nxd4 15. Bxd4 Ne8 16. Be3 Ra8 17. c5 Bc6 18. a4 Rd8 19. cxd6 Nxd6 20. Qa2 Qb8 21. b5 axb5 22. axb5 Bd7 23. Qb3 Rc8 24. Na4 e5 25. Nb6 Rxc1+ 26. Rxc1 Be6 27. Qb4 Nc8 28. Bc4 Bxc4 29. Qxc4 Nxb6 30. Bxb6 Qd6 31. Bc5 Qd2 32. Bxf8 Bxf8 33. Qc3 Qg5 34. Ra1 b6 35. g3 Bc5+ 36. Kg2 Bd4 37. Ra8+ Kg7 38. Qd3 Qc1 39. Ra7 h5 40. Ra2 g5 41. Qe2 Kg6 42. Rc2 Qb1 43. Kh3 f6 44. Rc7 Qh1 45. Qa2 Qf1+ 46. Qg2 g4+ 47. fxg4 hxg4+ 0-1

[Event "SVK-chT2C 1415"]
[Site "Slovakia"]
[Date "2014.11.09"]
[Round "4.4"]
[White "Kerdik, Adam"]
[Black "Ondras, Juraj"]
[Result "0-1"]
[WhiteElo "1997"]
[BlackElo "2023"]
[PlyCount "118"]
[EventDate "2014.10.11"]
[EventType "team-tourn"]
[EventRounds "11"]
[EventCountry "SVK"]
[SourceTitle "EXT 2016"]
[Source "ChessBase"]
[SourceDate "2015.10.08"]
[SourceVersion "1"]
[SourceVersionDate "2015.10.08"]
[SourceQuality "1"]
[WhiteTeam "Liptov Chess School III"]
[BlackTeam "Banska Bystrica Veza"]
[WhiteTeamCountry "SVK"]
[BlackTeamCountry "SVK"]

1. e4 c5 2. Nf3 d6 3. d4 cxd4 4. Nxd4 Nf6 5. Nc3 Nc6 6. Be2 e5 7. Nb3 Be7 8. 0-0 0-0 9. f4 a5 10. a4 Re8 11. f5 Nb4 12. Bg5 Bd7 13. Bxf6 Qb6+ 14. Kh1 Bxf6 15. Nd5 Nxd5 16. Qxd5 Bc6 17. Qxd6 Red8 18. Qc5 Qxc5 19. Nxc5 b6 20. Nb3 Bxe4 21. Bf3 Bxf3 22. Rxf3 Rac8 23. c3 Bg5 24. Kg1 Rc4 25. h3 Kf8 26. Kf2 e4 27. Re3 Bxe3+ 28. Kxe3 Rd3+ 29. Ke2 Ke7 30. Nd2 Rxd2+ 31. Kxd2 Kf6 32. b3 Rc5 33. g4 Kg5 34. b4 Rc4 35. Rb1 Kf4 36. bxa5 bxa5 37. Rb7 Rxa4 38. Rxf7 Ra2+ 39. Kd1 e3 40. f6 gxf6 41. Rxf6+ Kg3 42. Rh6 Kf3 43. Rf6+ Ke4 44. Rf7 Kd3 45. Rd7+ Kxc3 46. Rxh7 a4 47. g5 a3 48. g6 Rg2 49. Ra7 a2 50. g7 Rxg7 51. Rxa2 Rg1+ 52. Ke2 Rg2+ 53. Kxe3 Rxa2 54. Kf4 Kd4 55. h4 Ra5 56. Kg4 Ke5 57. Kg5 Ke6+ 58. Kg6 Ke7 59. h5 Kf8 0-1

[Event "SVK-chT2C 1314"]
[Site "Slovakia"]
[Date "2013.11.24"]
[Round "4.5"]
[White "Pitek, Lubomir"]
[Black "Ondras, Juraj"]
[Result "0-1"]
[WhiteElo "1865"]
[BlackElo "2007"]
[PlyCount "72"]
[EventDate "2013.10.19"]
[EventType "team-tourn"]
[EventRounds "11"]
[EventCountry "SVK"]
[SourceTitle "EXT 2015"]
[Source "ChessBase"]
[SourceDate "2014.11.20"]
[SourceVersion "1"]
[SourceVersionDate "2014.11.20"]
[SourceQuality "1"]
[WhiteTeam "Rajecke Teplice"]
[BlackTeam "Banska Bystrica Veza"]
[WhiteTeamCountry "SVK"]
[BlackTeamCountry "SVK"]

1. e4 c5 2. Nf3 d6 3. d4 cxd4 4. Nxd4 Nf6 5. Nc3 Nc6 6. Be2 e5 7. Nf3 Be7 8. 0-0 0-0 9. Bg5 Be6 10. Bxf6 Bxf6 11. Nd5 Be7 12. c4 f5 13. Nd2 Nd4 14. f3 Bxd5 15. cxd5 Qb6 16. Kh1 Qxb2 17. Rb1 Qxa2 18. Bc4 Qc2 19. Rxb7 Bg5 20. Qxc2 Nxc2 21. Bb3 Nd4 22. Nc4 fxe4 23. Nxd6 e3 24. Ne4 e2 25. Re1 Bd8 26. d6+ Kh8 27. Bc4 Ba5 28. Rxe2 Nxe2 29. Bxe2 Rab8 30. Nc5 Rxb7 31. Nxb7 Rb8 32. Ba6 Kg8 33. h3 Bd8 34. Kg1 Kf7 35. Bc4+ Kf6 36. Ba6 Ke6 0-1